000 00338nam a22001457a 4500
008 210302b ||||| |||| 00| 0 eng d
020 _a9780495093381
041 _aeng
080 _23rd
_a37
082 _a37
100 _a25
101 _aEDU
245 _aHow it's done An Inovation to Social Research
_cAdler, E.S
942 _2udc
_cBK
999 _c55433
_d55433